Sarah

Bibliographic Details
Main Author: Halter, Marek
Format: Book
Published: London : Bantam Books , 2005
Subjects:

MARC

LEADER 00000cam a2200000 7i4500
001 0000008459
005 20070917.0
008 070917
020 |a 0553816497 
090 0 0 |a HAL   |b ENG 
100 1 |a Halter, Marek 
245 1 0 |a Sarah   |c Marek Halter 
260 |a London :   |b Bantam Books ,   |c 2005 
650 0 |a English fiction 
999 |a 0000993741   |b Book   |c Adult Collection   |e Perbadanan Perpustakaan Awam Johor 
999 |a 0000993742   |b Book   |c Adult Collection   |e Perbadanan Perpustakaan Awam Johor